Valparaíso a la vista

Saved in:
Bibliographic Details
Main Author: Browne Escobar, Allan (Author)
Format: Book
Language:Spanish
Published: Valparaíso Universidad de Valparaíso 2003
Valparaíso Puerto Claro Editores 2003
Edition:1a. ed
Subjects:
Tags: Add Tag
No Tags, Be the first to tag this record!

MARC

LEADER 00000nam a2200000 a 4500
001 UCL0918
003 CL-VaPUC
005 20250221124000.0
008 030825e20030000cl |||||||||||||||||spa|d
651 0 |a Valparaíso, Chile  |9 261144 
999 |c 304643  |d 304641 
020 |a 9562140393 
040 |c Pontificia Universidad Católica de Valparaíso 
082 0 4 |a Ch863  |b BRO  |2 21 
100 0 |a Browne Escobar, Allan  |e author  |9 477676 
245 1 0 |a Valparaíso a la vista 
250 |a 1a. ed 
260 |a Valparaíso  |b Universidad de Valparaíso  |c 2003 
260 |a Valparaíso  |b Puerto Claro Editores  |c 2003 
300 |a 141 p 
500 |a Allan Browne es arquitecto, diseñador, académico y fundador de varias editoriales universitarias. Asesor de varias publicaciones relacionadas con Valparaíso. Documentalista del patrimonio porteño, dibujante eximio y ex-director de arte en Ediciones Universitarias de Valparaíso de la UCV 
500 |a Este libro reúne una serie de artículos publicados en el periódico La Gironda de Santiago 
500 |a Contiene una serie de ilustraciones relativas a la ciudad 
583 |a last modification  |c 20140410 05:57:29  |k Rodrigo Vera 
600 0 |a Lukas  |q (Pecchenino Raggi, Renzo)  |d 1934-1988  |9 861247 
600 0 7 |a DEFERT, THIERRY  |2 CL-VaPUC  |9 477679 
650 0 |a Relatos chilenos  |9 321121 
650 0 |a Crónicas chilenas  |9 321511 
650 0 |a Literatura chilena   |9 308278 
650 0 |a Planificación urbana   |9 258176 
650 0 |a Desarrollo económico y social   |9 256320 
650 0 |a Antropología cultural   |9 269905 
650 0 |a Historia de Valparaíso  |9 460237 
650 0 |a Historia local  |9 266584 
650 0 |a Valparaíso histórico  |9 266586 
942 |c BK  |2 ddc 
945 |d 20030825 00:00:00  |a cmena 
952 |0 0  |1 0  |4 0  |6 CH_863_000000000000000_BRO_2003_2003  |7 0  |8 X  |9 367268  |a BIBHIS  |b BIBHIS  |d 2019-11-21  |i 3928780  |o Ch863 BRO 2003 2003  |p 3928780  |r 2024-01-30  |w 2019-11-21  |y BK_X  |k HIS 
952 |0 0  |1 0  |4 0  |6 CH_863_000000000000000_BRO_2003_2003  |7 0  |8 A  |9 367269  |a BIBCUR  |b BIBCUR  |d 2019-11-21  |i 4261267  |l 1  |o Ch863 BRO 2003 2003  |p 4261267  |r 2025-04-22  |s 2023-09-27  |w 2019-11-21  |y BK  |k PER 
952 |0 0  |1 0  |4 0  |6 CH_863_000000000000000_BRO_2003_2003  |7 0  |8 X  |9 367270  |a FDOBUD  |b FDOBUD  |d 2019-11-21  |i 1083309  |o Ch863 BRO 2003 2003  |p 1083309  |r 2019-11-21  |w 2019-11-21  |y BK_X  |k BUD